[Event "EU-ch Online U16"]
[Site "Tornelo INT"]
[Date "2020.09.20"]
[Round "9"]
[White "Connor, Austin"]
[Black "Rikas, Artur"]
[Result "0-1"]
[WhiteElo "1612"]
[BlackElo "1530"]
[PlyCount "106"]
[EventDate "2020.09.18"]
[EventType "swiss (rapid)"]
[EventRounds "9"]
[EventCountry "NET"]
[SourceTitle "EXT 2023"]
[Source "ChessBase"]
[SourceDate "2022.10.05"]
[SourceVersion "1"]
[SourceVersionDate "2022.10.05"]
[SourceQuality "1"]
[WhiteTeam "Schottland"]
[BlackTeam "Estonia"]
[WhiteTeamCountry "SCO"]
[BlackTeamCountry "EST"]

1. d4 d5 2. c4 c6 3. Nc3 Nf6 4. Nf3 e6 5. Bg5 Nbd7 6. e3 Qa5 7. cxd5 exd5 8. Bd3 Bb4 9. Qc2 h6 10. Bh4 0-0 11. 0-0 Re8 12. a3 Bd6 13. Nd2 Qc7 14. Bg3 Bxg3 15. hxg3 b6 16. Rac1 Bb7 17. b4 Rac8 18. Nb3 Qd6 19. Ne2 Ne4 20. Bxe4 Rxe4 21. Nf4 Ba6 22. Rfd1 Nf6 23. Qd2 Bb5 24. Nd3 h5 25. Ne5 h4 26. f3 hxg3 27. fxe4 Nxe4 28. Qe1 Qh6 29. Rd3 Nf2 30. Kf1 Nxd3 31. Qxg3 Nxc1+ 32. Kf2 Nxb3 33. Ng4 Qg6 34. Qh3 Re8 35. Ne5 Qf6+ 36. Kg1 Nd2 37. Nf3 Nxf3+ 38. gxf3 g6 39. Kf2 c5 40. bxc5 bxc5 41. dxc5 Qb2+ 42. Kg3 Rxe3 43. Qc8+ Kg7 44. Qb7 Qe2 45. Qxd5 Qe1+ 46. Kf4 g5+ 47. Qxg5+ Kf8 48. Qh6+ Ke8 49. Qh8+ Ke7 50. Qh6 Re4+ 51. Kf5 Bd7+ 52. Kg5 Qg3+ 53. Kh5 Rh4# 0-1

[Event "EU-ch Online U16"]
[Site "Tornelo INT"]
[Date "2020.09.19"]
[Round "5"]
[White "Connor, Austin"]
[Black "Orr, Samuel"]
[Result "1-0"]
[WhiteElo "1612"]
[BlackElo "1202"]
[PlyCount "59"]
[EventDate "2020.09.18"]
[EventType "swiss (rapid)"]
[EventRounds "9"]
[EventCountry "NET"]
[SourceTitle "EXT 2023"]
[Source "ChessBase"]
[SourceDate "2022.10.05"]
[SourceVersion "1"]
[SourceVersionDate "2022.10.05"]
[SourceQuality "1"]
[WhiteTeam "Schottland"]
[BlackTeam "Luxembourg"]
[WhiteTeamCountry "SCO"]
[BlackTeamCountry "LUX"]

1. d4 Nf6 2. Bg5 g6 3. Bxf6 exf6 4. e3 Bg7 5. g3 0-0 6. Bg2 c6 7. Ne2 d5 8. c3 Bg4 9. 0-0 Nd7 10. Re1 Bxe2 11. Qxe2 f5 12. c4 dxc4 13. Qxc4 Qb6 14. Nc3 Rac8 15. b4 Qd8 16. Qb3 Nb6 17. Rec1 Qe7 18. Ne2 Rfd8 19. Nf4 g5 20. Nd3 Nd5 21. Bxd5 Rxd5 22. Qxd5 cxd5 23. Rxc8+ Bf8 24. Rac1 Kg7 25. R8c7 Qe4 26. Ne5 Bd6 27. Rxf7+ Kh6 28. Rf6+ Kh5 29. Rxd6 f4 30. g4+ 1-0

[Event "EU-ch Online U16"]
[Site "Tornelo INT"]
[Date "2020.09.18"]
[Round "1"]
[White "Connor, Austin"]
[Black "Kacharava, Nikoloz"]
[Result "0-1"]
[WhiteElo "1612"]
[BlackElo "2036"]
[PlyCount "65"]
[EventDate "2020.09.18"]
[EventType "swiss (rapid)"]
[EventRounds "9"]
[EventCountry "NET"]
[SourceTitle "EXT 2023"]
[Source "ChessBase"]
[SourceDate "2022.10.05"]
[SourceVersion "1"]
[SourceVersionDate "2022.10.05"]
[SourceQuality "1"]
[WhiteTeam "Schottland"]
[BlackTeam "Georgia"]
[WhiteTeamCountry "SCO"]
[BlackTeamCountry "GEO"]

1. d4 d6 2. e4 Nf6 3. Nc3 g6 4. f4 Bg7 5. Nf3 0-0 6. Be2 c5 7. dxc5 Qa5 8. 0-0 Qxc5+ 9. Kh1 Nc6 10. a3 a6 11. Bd3 b5 12. Qe1 Qa7 13. Be3 Qc7 14. Qh4 Bb7 15. f5 Ne5 16. Nxe5 dxe5 17. fxg6 hxg6 18. Rf3 Qd7 19. Rh3 Qg4 20. Qxg4 Nxg4 21. Bg1 f5 22. Be2 Nf6 23. exf5 gxf5 24. Rd1 Kf7 25. Bc5 Rh8 26. Rxh8 Rxh8 27. Kg1 Bh6 28. h3 Rg8 29. Bf1 f4 30. Kf2 e4 31. Ne2 e3+ 32. Kg1 f3 33. Ng3 0-1